000 03515cam a2200373 i 4500
001 22965648
003 OSt
005 20250610114317.0
006 m |o d |
007 cr_|||||||||||
008 230208s2023 enk ob 001 0 eng
010 _a 2023005702
020 _a9781032761725
040 _aDLC
_beng
_cDLC
_erda
_dDLC
042 _apcc
050 0 0 _aHF5416.5
082 0 0 _a658.816
_bNAG/S
100 1 _aNagle, Thomas T.,
_d1951-
_eauthor.
_910583
245 1 4 _aThe strategy and tactics of pricing :
_ba guide to growing more profitably /
_cGeorg Muller, Thomas Nagle, Evert Gruyaert.
250 _aSeventh edition.
264 1 _aAbingdon, Oxon ;
_aNew York, NY :
_bRoutledge, Taylor & Francis Group
_c2023.
300 _a335 pages
336 _atext
_btxt
_2rdacontent
337 _acomputer
_bc
_2rdamedia
338 _aonline resource
_bcr
_2rdacarrier
500 _aThomas Nagle appears as first named author on earlier editions.
504 _aIncludes bibliographical references and index.
520 _a"The Strategy and Tactics of Pricing is the most well-established and influential strategic pricing text available, relied on by practitioners and students globally as a core guide for value-based pricing. The book explains how to balance the ability to create and extract value through from markets by managing pricing decisions in a more strategic and profitable manner. Rather than calculating prices to cover costs or to achieve sales goals, readers will learn to frame more strategic choices that proactively influence customer perceptions of value, manage internal costs, and profitably shift demand curves. This edition features new discussions on harnessing concepts from behavioral economics as well as a refined "value cascade" to help organize the topics covered in this book. Readers will also benefit from: -Major revisions to more than a third of the chapters, including an expanded discussion of the role of artificial intelligence and machine learning analytics tools to assist in the evaluation of new pricing opportunities -Discussion of many of the new pricing and revenue-recognition models such as consumption-based pricing, outcomes-based pricing, and others -An expanded discussion on "Special Topics in Pricing" that cover many of the transformative pricing moves successful companies have made in the past few years in response to major disruptive forces such as the pandemic as well as re-emergent inflation -In-chapter textboxes and call-0ut to highlight different "pricing concepts in action" using actual examples of companies addressing market challenges. -Chapter summaries and visual aids to help the reader better understand the ideas and concepts presented throughout this book. This comprehensive, managerially-focused text is a must-read for students and professionals with an interest in strategic price management and achieving commercial excellence for their organizations. Additional online resources include PowerPoint slides and an instructor's manual, including exercises, mini-cases, and examination questions"--
_cProvided by publisher.
588 _aDescription based on print version record.
650 0 _aPricing.
650 0 _aMarketing
_xDecision making.
776 0 8 _iPrint version:
_aNagle, Thomas T., 1951-
_tStrategy and tactics of pricing
_bSeventh edition.
_dAbingdon, Oxon ; New York, NY : Routledge, 2023
_z9781032016818
_w(DLC) 2023005701
942 _2ddc
_cBK
_h658.816
_iNAG/S
_k658.816
_mNAG/S
999 _c44510
_d44510